The practical surveyor, auctioneer and estate agent (Record no. 86261)

MARC details
000 -LEADER
fixed length control field 00420cam a2200169 4500
001 - CONTROL NUMBER
control field D12847
008 - FIXED-LENGTH DATA ELEMENTS--GENERAL INFORMATION
fixed length control field 090401t1934 xxu||||| |||| 00| 0 eng d
035 ## - SYSTEM CONTROL NUMBER
System control number (Sirsi) u6247
041 ## - LANGUAGE CODE
Language code of text/sound track or separate title eng
100 ## - MAIN ENTRY--PERSONAL NAME
Personal name Gott, Sir Charles
245 #4 - TITLE STATEMENT
Title The practical surveyor, auctioneer and estate agent
260 ## - PUBLICATION, DISTRIBUTION, ETC.
Place of publication, distribution, etc. London
Name of publisher, distributor, etc. Isaac Pitman and Sons
Date of publication, distribution, etc. 1934
350 ## - PRICE (NR) (BK AM CF MU VM SE) [OBSOLETE]
Price 0
520 ## - SUMMARY, ETC.
Summary, etc. Shelf 116
942 ## - ADDED ENTRY ELEMENTS (KOHA)
Suppress in OPAC 0
948 ## - LOCAL PROCESSING INFORMATION (OCLC); SERIES PART DESIGNATOR (RLIN)
c (OCLC) 04/03/1997
Holdings
Withdrawn status Lost status Source of classification or shelving scheme Damaged status Not for loan Home library Current library Shelving location Date acquired Total Checkouts Full call number Barcode Date last seen Copy number Price effective from Koha item type
    Other/Generic Classification Scheme     London London Basement 14/09/1999   RESERVE 30009671 06/08/2019 1 06/08/2019 Reference material
    Other/Generic Classification Scheme     London London Basement 17/10/2014   RESERVE 30075180 06/08/2019 2 06/08/2019 Book